La profesionalizaciÛn de la AdministraciÛn Pública : un desafío permanente /

El presente artículo analiza el concepto de profesionalización de la administración pública, que nuevamente está en el debate teórico ideológico, con el objeto de lograr una mayor eficiencia y efectividad. La idea central es que la burocracia, como modelo de administración de gobierno, debe ser un ó...

Descripción completa

Detalles Bibliográficos
Autor principal: Monje Reyes, Pablo Aurelio
Formato: Analitica de revista
Lenguaje:español
Publicado: Santiago, Chile Universidad Central 2005

MARC

LEADER 00000cab a2200000 a 4500
001 042064
003 UAHC_CL
005 20170803124643.0
008 050513b xx j 000 1 spa
040 |a UAHC_CL  |c UAHC_CL  |d UAHC_CL 
100 1 |a Monje Reyes, Pablo Aurelio 
245 1 3 |a La profesionalizaciÛn de la AdministraciÛn Pública :  |b un desafío permanente /  |c Pablo Aurelio Monje Reyes. 
260 |b Universidad Central  |c 2005  |a Santiago, Chile 
300 |a p. 49-57 
500 |a En: Revista Enfoques, nû4, 2005. p. 49-57. ISSN: 07180241. 
500 |a En: Revista Enfoques, n°4, 2005. p. 49-57. ISSN: 07180241. 
500 |a En: Revista Enfoques, nç4, 2005. p. 49-57. ISSN: 07180241. 
520 |a El presente artículo analiza el concepto de profesionalización de la administración pública, que nuevamente está en el debate teórico ideológico, con el objeto de lograr una mayor eficiencia y efectividad. La idea central es que la burocracia, como modelo de administración de gobierno, debe ser un órgano de alto nivel técnico, en el cual un funcionario profesional es determinante para su buen funcionamiento, puesto que sus competencias técnicas son necesarias para el desempeño del gobierno democrático y de sus políticas. Así, los principales debates sobre el sector público, son cómo llevar a cabo su profesionalización y cómo en este sentido se retoman las ideas weberianas. Para desarrollar esta idea, se analizan las diferentes posiciones político-ideológicas de mayor importancia en el debate actual, como también las opiniones intelectuales e instituciones preocupadas por el tema. El objetivo final es demostrar cómo, a pesar de la diversidad de posiciones, se llega finalmente a la validación de la profesionalización de la administración pública, como un elemento transversal que condiciona el éxito de la implementación de uno u otro modelo de reforma y modernización del Estado. 
520 |a El presente artículo analiza el concepto de profesionalización de la administración pública, que nuevamente está en el debate teórico ideológico, con el objeto de lograr una mayor eficiencia y efectividad. La idea central es que la burocracia, como modelo de administración de gobierno, debe ser un órgano de alto nivel técnico, en el cual un funcionario profesional es determinante para su buen funcionamiento, puesto que sus competencias técnicas son necesarias para el desempeño del gobierno democrático y de sus políticas. Así, los principales debates sobre el sector público, son cómo llevar a cabo su profesionalización y cómo en este sentido se retoman las ideas weberianas. Para desarrollar esta idea, se analizan las diferentes posiciones político-ideológicas de mayor importancia en el debate actual, como también las opiniones intelectuales e instituciones preocupadas por el tema. El objetivo final es demostrar cómo, a pesar de la diversidad de posiciones, se llega finalmente a la validación de la profesionalización de la administración pública, como un elemento transversal que condiciona el éxito de la implementación de uno u otro modelo de reforma y modernización del Estado. 
520 |a El presente artÌculo analiza el concepto de profesionalizaciÛn de la administraciÛn pública, que nuevamente est· en el debate teÛrico ideolÛgico, con el objeto de lograr una mayor eficiencia y efectividad. La idea central es que la burocracia, como modelo de administraciÛn de gobierno, debe ser un Ûrgano de alto nivel tÈcnico, en el cual un funcionario profesional es determinante para su buen funcionamiento, puesto que sus competencias tÈcnicas son necesarias para el desempeÒo del gobierno democr·tico y de sus polÌticas. AsÌ, los principales debates sobre el sector público, son cÛmo llevar a cabo su profesionalizaciÛn y cÛmo en este sentido se retoman las ideas weberianas. Para desarrollar esta idea, se analizan las diferentes posiciones polÌtico-ideolÛgicas de mayor importancia en el debate actual, como tambiÈn las opiniones intelectuales e instituciones preocupadas por el tema. El objetivo final es demostrar cÛmo, a pesar de la diversidad de posiciones, se llega finalmente a la validaciÛn de la profesionalizaciÛn de la administraciÛn pública, como un elemento transversal que condiciona el Èxito de la implementaciÛn de uno u otro modelo de reforma y modernizaciÛn del Estado. 
759 |a PP149 
773 0 |t Revista geográfica de Chile Terra Australis  |w 040489 
900 |a REVISTA ENFOQUES-04/05 
942 |c REVA 
952 |0 0  |1 0  |4 0  |6 REVISTA_ENFOQUES04_05_000000000000000  |7 0  |8 General  |9 78697  |a BC  |b BC  |c General  |d 2017-08-03  |l 0  |o REVISTA ENFOQUES-04/05  |p FICTICIO7444  |r 2019-01-08 00:00:00  |t 1  |w 2017-08-03  |y REVA 
999 |c 42064  |d 42064